000 00534nam a2200181Ia 4500
005 20250508155820.0
008 008 250505s9999 xx 000 0 eng d
037 _aBooks to be hide in OPAC
040 _aFEDL
_beng
_cFEDL
041 _aeng
_2eng
084 _a378.54, DEL
_qFEDL
245 0 _aUniversity calendar: Addenda and corrigenda 1963-64
245 0 _cUniversity of Delhi
260 _aDelhi, India
_bUniversity of Delhi
_c1964
300 _axlixp.
942 _cHB
_h378.54, DEL
999 _c1359438
_d1359438